[Event "Barcelona Escacs op 2nd"]
[Site "Barcelona"]
[Date "2017.12.01"]
[Round "9"]
[White "Munoz Esteve, Antoni"]
[Black "Moles Membrive, Francisco Javier"]
[Result "1/2-1/2"]
[WhiteElo "1611"]
[BlackElo "1406"]
[PlyCount "36"]
[EventDate "2017.09.29"]
[EventType "swiss"]
[EventRounds "9"]
[EventCountry "ESP"]
[SourceTitle "EXT 2019"]
[Source "ChessBase"]
[SourceDate "2018.10.10"]
[SourceVersion "1"]
[SourceVersionDate "2018.10.10"]
[SourceQuality "1"]

1. e4 c5 2. Nf3 Nc6 3. c3 d6 4. d3 Nf6 5. g3 e6 6. Bg2 Be7 7. 0-0 Qc7 8. Re1 e5 9. Nbd2 0-0 10. Nf1 b5 11. a3 Bd7 12. Ne3 Rad8 13. h3 a5 14. Bd2 Be6 15. b4 a4 16. Rc1 Qb6 17. Nf5 Bxf5 18. exf5 Rfe8 1/2-1/2

[Event "Barcelona Escacs op 2nd"]
[Site "Barcelona"]
[Date "2017.10.27"]
[Round "4"]
[White "Cervello Tost, Roger"]
[Black "Moles Membrive, Francisco Javier"]
[Result "1-0"]
[WhiteElo "1991"]
[BlackElo "1406"]
[PlyCount "49"]
[EventDate "2017.09.29"]
[EventType "swiss"]
[EventRounds "9"]
[EventCountry "ESP"]
[SourceTitle "EXT 2019"]
[Source "ChessBase"]
[SourceDate "2018.10.10"]
[SourceVersion "1"]
[SourceVersionDate "2018.10.10"]
[SourceQuality "1"]

1. e4 c5 2. d4 cxd4 3. c3 d3 4. f4 d6 5. Nf3 Nd7 6. Bxd3 g6 7. Be3 Bg7 8. 0-0 Ngf6 9. h3 0-0 10. Na3 Nc5 11. e5 Nxd3 12. exf6 Bxf6 13. Qxd3 Bf5 14. Qd2 Qc7 15. Nd4 Bd7 16. f5 Bg7 17. fxg6 fxg6 18. Bh6 e5 19. Bxg7 Kxg7 20. Nf3 Rf5 21. Nc2 Raf8 22. Ne3 Qc5 23. Kh1 Rf4 24. Nd5 Bxh3 25. Nxf4 1-0